El embajador : (Registro nro. 32402)
[ vista simple ]
| 000 -CABECERA | |
|---|---|
| Longitud fija campo de control | 01103nam a2200301 a 4500 |
| 003 - • IDENTIFICADOR DELl NÚMERO DE CONTROL | |
| Identificador del número de control | CO-ViMGA |
| 008 - • CÓDIGOS DE INFORMACIÓN DE LONGITUD FIJA | |
| Códigos de información de longitud fija | 141112s2004 ck r 000 u spa d |
| 020 ## - • NÚMERO INTERNACIONAL NORMALIZADO PARA LIBROS | |
| Número Internacional Normalizado para Libros (ISBN) | 9586143163 |
| 040 ## - FUENTE DE LA CATALOGACIÓN | |
| Centro catalogador de origen | CO-ViMGA |
| Lengua de catalogación | spa |
| Centro transcriptor | CO-ViMGA |
| 082 04 - • NÚMERO DE LA CLASIFICACIÓN DECIMAL DEWEY | |
| Número de clasificación (R) | 923.9 A714e |
| 100 1# - • PUNTO DE ACCESO PRINCIPAL-NOMBRE DE PERSONA | |
| Nombre de persona | Arciniegas, Germán, 1900 - 1999 |
| 245 10 - • TITULO PROPIAMENTE DICHO | |
| Título | El embajador : |
| Resto del título | vida de Guido Antonio, tío de Amerigo Vespucci : |
| -- | Florencia y Roma en tiempos de Colón, Vespucci, el Papa Sixto, Maquiavelo y Savonarola / |
| Mención de responsabilidad, etc. | Germán Arciniegas |
| 300 ## - • DESCRIPCIÓN FÍSICA | |
| Extensión | 260 p. ; 20 cm. |
| 490 ## - • MENCIÓN DE SERIE | |
| Mención de serie | Colección pensamiento |
| 591 ## - | |
| -- | 923.9 V37e 1 ed. 104304 - 05 ej. 1 - 2 Dep. Leg. 1990 3.400 6.800 |
| 598 ## - | |
| -- | NEW, HISTORICAL |
| 600 ## - • PUNTO DE ACCESO ADICIONAL DE MATERIA - NOMBRE DE PERSONA | |
| Nombre de persona | Vespucci, Guido Antonio, 1436 |
| 650 14 - • PUNTO DE ACCESO ADICIONAL DE MATERIA - TÉRMINO DE MATERIA | |
| Término de materia o nombre geográfico como elemento inicial | Biografias |
| 650 14 - • PUNTO DE ACCESO ADICIONAL DE MATERIA - TÉRMINO DE MATERIA | |
| Término de materia o nombre geográfico como elemento inicial | Italia - historia |
| 650 14 - • PUNTO DE ACCESO ADICIONAL DE MATERIA - TÉRMINO DE MATERIA | |
| Término de materia o nombre geográfico como elemento inicial | Vespucci, Guido Antonio |
| 651 ## - • PUNTO DE ACCESO ADICIONAL DE MATERIA - NOMBRE GEOGRÁFICO | |
| Nombre geográfico | Italia - Historia - 476 - 1492 |
| 930 ## - EQUIVALENCIA O SECCIÓN-REFERENCIA-TÍTULO ENCABEZAMIENTO UNIFORME [LOCAL, CANADA] | |
| T&íacute;tulo uniforme | lab jfp |
| 942 ## - ENTRADA DE ELEMENTOS AGREGADOS (KOHA) | |
| Fuente de clasificaión o esquema | Dewey Decimal Classification |
| Koha [por defecto] tipo de item | LIbro |
| 949 ## - TRATAMIENTO DE LA INFORMACIÓN LOCAL (OCLC) | |
| a | 923.9 V37e 1 ed. D.SAMPER LIBRO DEWEY DEWEY DEP/LEGAL GENERAL Y Y |
| Perdido | Fuente de clasificación o esquema | Estado Físico | No para préstamo | Forma de adquisición | Localización permanente | Localización actual | Fecha adquisición | Serie de enumeración / cronolog&íacute;a | Préstamos totales | Signatura completa | Código de barras | Fecha última consulta | Número de copia | Fecha del precio de reemplazo | Tipo de item de Koha |
|---|---|---|---|---|---|---|---|---|---|---|---|---|---|---|---|
| Dewey Decimal Classification | Sala General Segundo Piso | Biblioteca Pública Germán Arciniegas - Villavicencio | Biblioteca Pública Germán Arciniegas - Villavicencio | 12/04/2015 | 24/oct/2012 | 923.9 A714e | 25370 | 12/04/2015 | Ej. 1 | 12/04/2015 | LIbro |